|
|
|
|
| LEADER |
00000nam0a2200000 4500 |
| 001 |
315535 |
| 005 |
20231102002805.0 |
| 035 |
|
|
|a (RuTPU)RU\TPU\book\340971
|
| 090 |
|
|
|a 315535
|
| 100 |
|
|
|a 20160302d1957 m y0rusy50 ca
|
| 101 |
0 |
|
|a rus
|
| 102 |
|
|
|a RU
|
| 105 |
|
|
|a a j 001zy
|
| 200 |
1 |
|
|a Тяговые электрические машины. Теория, конструкция, проектирование
|e учебное пособие
|f А. Б. Иоффе
|
| 210 |
|
|
|a Москва
|a Ленинград
|c Госэнергоиздат
|d 1957
|
| 215 |
|
|
|a 247 с.
|c ил.
|
| 320 |
|
|
|a Библиогр.: с. 242
|
| 606 |
1 |
|
|a Электрические машины, тяговые
|x Конструкция и расчет
|2 stltpush
|3 (RuTPU)RU\TPU\subj\27248
|9 51034
|
| 610 |
1 |
|
|a учебные пособия
|
| 610 |
1 |
|
|a электрическая тяга
|
| 610 |
1 |
|
|a постоянный ток
|
| 610 |
1 |
|
|a конструкция
|
| 610 |
1 |
|
|a тяговые двигатели
|
| 610 |
1 |
|
|a вспомогательные механизмы
|
| 610 |
1 |
|
|a тепловозы
|
| 610 |
1 |
|
|a возбудители
|
| 610 |
1 |
|
|a коллекторные двигатели
|
| 610 |
1 |
|
|a асинхронные двигатели
|
| 610 |
1 |
|
|a охлаждение
|
| 610 |
1 |
|
|a тепловые параметры
|
| 610 |
1 |
|
|a вентиляция
|
| 610 |
1 |
|
|a проектирование
|
| 675 |
|
|
|a 621.333(075.8)
|v 4
|
| 700 |
|
1 |
|a Иоффе
|b А. Б.
|g Александр Борисович
|
| 801 |
|
1 |
|a RU
|b 63413507
|c 20160302
|
| 801 |
|
2 |
|a RU
|b 63413507
|c 20171025
|g RCR
|
| 942 |
|
|
|c BK
|